Revue de législation et jurisprudence / (Record no. 2104)
[ view plain ]
| 000 -LEADER | |
|---|---|
| campo de control de longitud fija | 01040nas a2200277 i 4500 |
| 001 - NÚMERO DE CONTROL | |
| campo de control | 2104 |
| 003 - IDENTIFICADOR DE NÚMERO DE CONTROL | |
| campo de control | ES-MaACL |
| 005 - FECHA Y HORA DE LA ÚLTIMA TRANSACCIÓN | |
| campo de control | 20251003164413.0 |
| 007 - CAMPO FIJO DE DESCRIPCIÓN FÍSICA--INFORMACIÓN GENERAL | |
| campo de control de longitud fija | t| |
| 008 - DATOS DE LONGITUD FIJA--INFORMACIÓN GENERAL | |
| campo de control de longitud fija | 950801d18341939fr | | 1 ||re d |
| 245 00 - MENCIÓN DEL TÍTULO | |
| Título | Revue de législation et jurisprudence / |
| Mención de responsabilidad, etc. | publiée sous la direction de L. Wolowski. |
| 260 ## - PUBLICACIÓN, DISTRIBUCIÓN, ETC. | |
| Lugar de publicación, distribución, etc. | Paris : |
| Nombre del editor, distribuidor, etc. | [Imp. de Cosson], |
| Fecha de publicación, distribución, etc. | 1834-1939 ( |
| Fabricante | F. Pichou) |
| 300 ## - DESCRIPCIÓN FÍSICA | |
| Extensión | 71 v. ; |
| Dimensiones | 22 cm. |
| 310 ## - PERIODICIDAD ACTUAL | |
| Periodicidad actual | Semestral |
| 321 ## - PERIODICIDAD ANTERIOR | |
| Periodicidad anterior | Semestral, |
| Fechas de la periodicidad anterior | 1834-43 |
| 321 ## - PERIODICIDAD ANTERIOR | |
| Periodicidad anterior | Cuatrimestral, |
| Fechas de la periodicidad anterior | ene. 1844-54 |
| 362 0# - FECHAS DE PUBLICACIÓN Y/O DESIGNACIÓN SECUENCIAL | |
| Fecha de publicación y/o designación secuencial | T. I (oct. 1834)-1939. |
| 500 ## - NOTA GENERAL | |
| Nota general | A partir de 1844 aparecen los años de publicación. |
| 500 ## - NOTA GENERAL | |
| Nota general | No se publicó en 1855. |
| 650 17 - PUNTO DE ACCESO ADICIONAL DE MATERIA--TÉRMINO DE MATERIA | |
| Término de materia o nombre geográfico como elemento de entrada | Derecho |
| Fuente del encabezamiento o término | embne |
| 9 (RLIN) | 11602 |
| 700 1# - ENTRADA AGREGADA--NOMBRE PERSONAL | |
| Nombre de persona | Wolowski, Louis, |
| Fechas asociadas al nombre | 1810-1876 |
| 9 (RLIN) | 154526 |
| 785 00 - ENTRADA/ENLACE A UN TÍTULO POSTERIOR | |
| Encabezamiento principal | Revue critique de législation et de jurisprudence |
| Lugar, editor y fecha de publicación | 1853 |
| 852 ## - LOCALIZACIÓN | |
| Ubicación | ES-MaACL |
| Número de control de estantería | Hem-360 |
| 866 #0 - MENCIÓN TEXTUAL DE FONDOS--UNIDAD BIBLIOGRÁFICA BÁSICA | |
| Fondos | 1834-36,(1837)-1838(1840)1840f.p.1-16t.XII)1841-47(1848)1849(1950)1951(1952f.ene.-abr.)1853(1854f.mar.-dic.).1856(1857)1858,1862-70,(1872)1873-80. |
| Estatus retirado | Estado de pérdida | Estado de daño | No para préstamo | Colección | Biblioteca de origen | Biblioteca actual | Ubicación en estantería | Fecha de adquisición | Fuente de adquisición | Total de préstamos | Signatura topográfica completa | Código de barras | Visto por última vez | Precio de reemplazo | Tipo de ítem Koha |
|---|---|---|---|---|---|---|---|---|---|---|---|---|---|---|---|
| Periódicos y Revistas | Biblioteca del Ateneo de Madrid | Biblioteca del Ateneo de Madrid | Depósito 1 | 17/01/2008 | Hem-360 | 1002143 | 23/02/2023 | 23/02/2023 | Revista |
